[Event "57th World Juniors 2018"]
[Site "Manavgat TUR"]
[Date "2018.09.05"]
[Round "1.1"]
[White "Wadsworth, Matthew J"]
[Black "Maghsoodloo, Parham"]
[Result "0-1"]
[WhiteTitle "FM"]
[BlackTitle "GM"]
[WhiteElo "2351"]
[BlackElo "2649"]
[WhiteFideId "415804"]
[BlackFideId "12539929"]
[EventDate "2018.09.05"]

1. c4 e5 2. g3 h5 3. Nc3 Nc6 4. Nf3 Bc5 5. Bg2 d6 6. d3 Nge7 7. a3 a6 8. e3 Ba7
9. b4 Be6 10. Ng5 Bg4 11. Bf3 Qd7 12. Nd5 Nxd5 13. cxd5 Nd8 14. h3 Bxf3 15. Nxf3
c6 16. dxc6 Nxc6 17. Bb2 f6 18. d4 e4 19. d5 Ne5 20. Nxe5 fxe5 21. Rc1 Bb6 22.
Rc4 Qf5 23. Rh2 Kd7 24. Qa4+ Ke7 25. b5 Rhc8 26. Rxc8 Rxc8 27. bxa6 bxa6 28.
Qxa6 Bd8 29. g4 hxg4 30. hxg4 Qxg4 31. Kf1 Rc2 32. Qb7+ Bc7 33. Qb5 Qd1+ 34. Kg2
Qd3 35. Qb4 Qxe3 36. Kg1 Rxf2 37. Rxf2 Bb6 38. Bd4 Qxd4 0-1

[Event "57th World Juniors 2018"]
[Site "Manavgat TUR"]
[Date "2018.09.05"]
[Round "1.2"]
[White "Van Foreest, Jorden"]
[Black "Murzin, Volodar"]
[Result "1/2-1/2"]
[WhiteTitle "GM"]
[BlackTitle "FM"]
[WhiteElo "2624"]
[BlackElo "2349"]
[WhiteFideId "1039784"]
[BlackFideId "44155573"]
[EventDate "2018.09.05"]

1. e4 c5 2. Nf3 d6 3. d4 cxd4 4. Nxd4 Nf6 5. Nc3 a6 6. Be2 e5 7. Nf3 Be7 8. Bg5
Nbd7 9. a4 h6 10. Be3 Qc7 11. Nd2 Nc5 12. Nd5 Nxd5 13. exd5 Bf5 14. a5 Bg5 15.
Bxg5 hxg5 16. Nc4 Kf8 17. b4 Ne4 18. Ra3 Re8 19. Qc1 g6 20. O-O Kg7 21. Ne3 Bd7
22. c4 f5 23. c5 f4 24. Nc4 dxc5 25. Nb6 c4 26. Bxc4 Bf5 27. Qb2 Qe7 28. f3 Nd6
29. Rc1 Qf6 30. b5 axb5 31. Bxb5 Re7 32. Be2 e4 33. Qxf6+ Kxf6 34. a6 exf3 35.
Bxf3 bxa6 36. Rc6 g4 37. Rxd6+ Kg5 38. Bxg4 1/2-1/2

[Event "57th World Juniors 2018"]
[Site "Manavgat TUR"]
[Date "2018.09.05"]
[Round "1.3"]
[White "Galperin, Platon"]
[Black "Donchenko, Alexander"]
[Result "0-1"]
[BlackTitle "GM"]
[WhiteElo "2348"]
[BlackElo "2614"]
[WhiteFideId "14165414"]
[BlackFideId "24603295"]
[EventDate "2018.09.05"]

1. Nf3 Nf6 2. d4 d5 3. c4 e6 4. g3 Bb4+ 5. Bd2 Bd6 6. Bg2 O-O 7. O-O Nbd7 8. Qc2
c6 9. Rd1 Qe7 10. Bg5 h6 11. Bxf6 Qxf6 12. Nc3 Qe7 13. c5 Bc7 14. e4 dxe4 15.
Nxe4 e5 16. Nd6 Bxd6 17. cxd6 Qxd6 18. dxe5 Qe7 19. Re1 Nb6 20. Nd4 Rd8 21. Rad1
Bg4 22. f3 Bd7 23. f4 Bg4 24. Rd3 Qb4 25. Re4 Qc4 26. Rc3 Qxa2 27. f5 Qa1+ 28.
Kf2 Bd1 29. Qc1 Qxc1 30. Rxc1 Ba4 31. b3 Bb5 32. Nxb5 cxb5 33. e6 fxe6 34. fxe6
Rd2+ 35. Kg1 Re8 36. Rc7 Nd5 37. Rxb7 Rd1+ 38. Bf1 a6 39. Kg2 Nf6 40. Re5 Rd6
41. e7 Kf7 42. Be2 Nd7 43. Rf5+ Nf6 44. Re5 Rd7 45. Rb6 Rexe7 46. Rxe7+ Rxe7 47.
Bf3 Re6 48. Bc6 Re2+ 49. Kf3 Rxh2 50. Rxa6 Rb2 51. Ra3 b4 52. Ra7+ Ke6 53. Ba4
g5 54. g4 Rc2 55. Rb7 Rc3+ 56. Kg2 Nd5 57. Rh7 Ne3+ 58. Kf3 Nd5+ 59. Kg2 Ke5 60.
Kf2 Nf6 61. Re7+ Kf4 62. Rb7 Nxg4+ 63. Ke2 Re3+ 64. Kd2 Re4 65. Rh7 Rd4+ 66. Ke2
Kf5 67. Bb5 Kg6 68. Rb7 Ne5 69. Rb6+ Kg7 70. Rb7+ Kf8 71. Rb8+ Ke7 72. Re8+ Kf6
73. Ke3 Rh4 74. Be2 Rh3+ 75. Ke4 Nf7 76. Rb8 Rxb3 77. Rb6+ Kg7 78. Bc4 Rh3 79.
Rb7 Rh4+ 80. Kd5 Rf4 81. Rxb4 Rf5+ 82. Ke6 Re5+ 83. Kd7 Re4 0-1

[Event "57th World Juniors 2018"]
[Site "Manavgat TUR"]
[Date "2018.09.05"]
[Round "1.4"]
[White "Karthikeyan, Murali"]
[Black "Pigeat, Alexandre"]
[Result "1-0"]
[WhiteTitle "GM"]
[BlackTitle "FM"]
[WhiteElo "2605"]
[BlackElo "2347"]
[WhiteFideId "5074452"]
[BlackFideId "20649444"]
[EventDate "2018.09.05"]

1. e4 e6 2. d4 d5 3. Nd2 c5 4. Ngf3 Nf6 5. exd5 Qxd5 6. Bc4 Qd7 7. O-O a6 8. Ne5
Qxd4 9. Qe2 Bd6 10. Ndf3 Qe4 11. Nxf7 Bxh2+ 12. Kxh2 Qxe2 13. Nd6+ Kd7 14. Bxe2
Kxd6 15. Bf4+ Ke7 16. Rad1 Nd5 17. Be5 Nd7 18. Bxg7 Rg8 19. Bh6 b6 20. Rfe1 N7f6
21. Ne5 Bb7 22. Bf3 Rab8 23. g4 b5 24. g5 Nd7 25. Bg4 Rbe8 26. Bxe6 Kxe6 27.
Nc4+ Ne5 28. Rxe5+ Kd7 29. Nb6+ Kd6 30. Rexd5+ Kc7 31. Rd6 Bc6 32. Nd7 Re2 33.
Nf6 Rg6 34. R6d2 Re6 35. Nd5+ Kb7 36. Nf4 Bf3 37. Nxe6 Rxe6 38. Rd6 1-0

[Event "57th World Juniors 2018"]
[Site "Manavgat TUR"]
[Date "2018.09.05"]
[Round "1.5"]
[White "Tuncer, Tuna"]
[Black "Martirosyan, Haik M."]
[Result "1/2-1/2"]
[WhiteTitle "FM"]
[BlackTitle "GM"]
[WhiteElo "2342"]
[BlackElo "2597"]
[WhiteFideId "6349269"]
[BlackFideId "13306553"]
[EventDate "2018.09.05"]

1. e4 e6 2. d4 d5 3. Nd2 c5 4. exd5 Qxd5 5. Ngf3 cxd4 6. Bc4 Qd6 7. O-O Nf6 8.
Nb3 Nc6 9. Nbxd4 Nxd4 10. Nxd4 a6 11. Re1 Qc7 12. Bd3 Bd7 13. Qf3 O-O-O 14. Bf4
Bd6 15. Bxd6 Qxd6 16. c3 Rhe8 17. Rad1 Qc7 18. Qg3 Qxg3 19. hxg3 e5 20. Nf5 Kc7
21. Nxg7 Rg8 22. Nf5 e4 23. Nh6 exd3 24. Nxg8 Rxg8 25. Rxd3 Be6 26. c4 Rg4 27.
b3 h5 28. Re5 h4 29. gxh4 Rxh4 30. f3 Nd7 31. Ree3 Nb8 32. g4 Nc6 33. Kg2 a5 34.
Re1 Rh8 35. Rh1 Rg8 36. Kf2 a4 37. Rh5 Ra8 1/2-1/2

[Event "57th World Juniors 2018"]
[Site "Manavgat TUR"]
[Date "2018.09.05"]
[Round "1.6"]
[White "Esipenko, Andrey"]
[Black "Hollan, Martin"]
[Result "1-0"]
[WhiteTitle "GM"]
[BlackTitle "FM"]
[WhiteElo "2593"]
[BlackElo "2336"]
[WhiteFideId "24175439"]
[BlackFideId "360937"]
[EventDate "2018.09.05"]

1. d4 Nf6 2. Nf3 e6 3. c4 d5 4. Nc3 c5 5. cxd5 exd5 6. g3 Nc6 7. Bg2 Be7 8. O-O
O-O 9. Bg5 cxd4 10. Nxd4 h6 11. Be3 Re8 12. Rc1 Bg4 13. h3 Be6 14. Nxc6 bxc6 15.
Na4 Qd7 16. Kh2 Bf5 17. Nc5 Bxc5 18. Bxc5 Ne4 19. e3 Rab8 20. Qd4 Ng5 21. h4 Ne6
22. Qd2 Nxc5 23. Rxc5 Be4 24. Rfc1 Bxg2 25. Kxg2 Rb6 26. b3 Re6 27. Qd3 h5 28.
Ra5 Qb7 29. Ra4 Rf6 30. Qd4 Re6 31. Qf4 Ra6 32. Rb4 Rb6 33. Rd4 a5 34. Qg5 g6
35. e4 Rb5 36. Qd8+ Kg7 37. exd5 Rf6 38. Kg1 Rb4 39. Rxb4 axb4 40. dxc6 Rxc6 41.
Qd4+ Kh7 42. Rxc6 Qxc6 43. Qxb4 Qc1+ 44. Kg2 Qc6+ 45. Kf1 Qc1+ 46. Qe1 Qc6 47.
Kg1 Qc2 48. Qe7 Kg7 49. Qa7 Qb1+ 50. Kh2 Qb2 51. Kg2 Kg8 52. Qb8+ Kg7 53. a4 Qd4
54. Qb7 Qa1 55. Qd5 1-0

[Event "57th World Juniors 2018"]
[Site "Manavgat TUR"]
[Date "2018.09.05"]
[Round "1.7"]
[White "Zhu, Yi"]
[Black "Xu, Xiangyu"]
[Result "0-1"]
[WhiteTitle "FM"]
[BlackTitle "GM"]
[WhiteElo "2335"]
[BlackElo "2586"]
[WhiteFideId "8607435"]
[BlackFideId "8608288"]
[EventDate "2018.09.05"]

1. d4 f5 2. Nf3 Nf6 3. c4 g6 4. g3 Bg7 5. Bg2 O-O 6. Nc3 d6 7. O-O Nc6 8. d5 Na5
9. Qd3 e5 10. dxe6 Bxe6 11. b3 Nc6 12. Bb2 Kh8 13. Ng5 Bg8 14. Rad1 Rb8 15. Nh3
Ne5 16. Qc2 h6 17. Nf4 g5 18. Nfd5 f4 19. gxf4 gxf4 20. Nxf4 Nfg4 21. Ng6+ Nxg6
22. Qxg6 Qh4 23. h3 Nxf2 24. Qxg7+ Kxg7 25. Nd5+ Kh7 26. Rd4 Qg3 27. Rg4 Nxh3+
28. Kh1 Rxf1+ 29. Bxf1 Nf2# 0-1

[Event "57th World Juniors 2018"]
[Site "Manavgat TUR"]
[Date "2018.09.05"]
[Round "1.9"]
[White "Urazayev, Arystanbek"]
[Black "Petrosyan, Manuel"]
[Result "1/2-1/2"]
[WhiteTitle "CM"]
[BlackTitle "GM"]
[WhiteElo "2333"]
[BlackElo "2581"]
[WhiteFideId "13709810"]
[BlackFideId "13300857"]
[EventDate "2018.09.05"]

1. e4 e5 2. Nf3 Nc6 3. Bb5 a6 4. Ba4 Nf6 5. d3 b5 6. Bb3 Bc5 7. Nc3 h6 8. Nd5
Rb8 9. c3 d6 10. O-O O-O 11. h3 Ba7 12. Re1 Na5 13. Bc2 c5 14. Be3 Nc6 15. d4
exd4 16. cxd4 Nxd5 17. exd5 Nb4 18. dxc5 dxc5 19. Bb3 Bb7 20. d6 Qf6 21. a3 Nc6
22. Bc2 Rfd8 23. Qd3 g6 24. Bxh6 Rxd6 25. Bg5 Rxd3 26. Bxf6 Rd6 27. Bg5 Rc8 28.
Be4 Re8 29. Bf4 Rdd8 30. Bg5 Rd6 31. Bf4 Rf6 32. Bg5 Rfe6 33. Bd5 Rxe1+ 34. Rxe1
Rxe1+ 35. Nxe1 c4 36. Bf6 Na5 37. Bxb7 Nxb7 38. Nc2 Nd6 39. Bd4 Bxd4 40. Nxd4
Kg7 41. Kf1 Kf6 42. Ke2 Ne4 43. Ke3 Nc5 44. f4 Na4 45. b3 cxb3 46. Nxb3 Nb6 47.
Ke4 Nc4 48. Nc5 a5 49. a4 bxa4 50. Nxa4 Ke6 51. g4 f5+ 52. gxf5+ gxf5+ 53. Kd4
Nd2 54. Nc5+ Kf6 55. Kd3 Nf1 56. Kc4 Ng3 57. Nb3 Ne2 58. Nxa5 Nxf4 59. Kd4 Nxh3
60. Ke3 f4+ 61. Ke4 Kg5 62. Kf3 Kf5 63. Nc4 Ng5+ 64. Kg2 Ke4 65. Kf2 Kd4 66. Nd2
Kd3 67. Nf1 Kd4 68. Nd2 Ne4+ 69. Kf3 Nxd2+ 70. Kxf4 1/2-1/2

[Event "57th World Juniors 2018"]
[Site "Manavgat TUR"]
[Date "2018.09.05"]
[Round "1.10"]
[White "Aravindh, Chithambaram VR."]
[Black "Tasdogen, Dincer"]
[Result "1-0"]
[WhiteTitle "GM"]
[BlackTitle "FM"]
[WhiteElo "2578"]
[BlackElo "2329"]
[WhiteFideId "5072786"]
[BlackFideId "6367097"]
[EventDate "2018.09.05"]

1. e4 c5 2. Nf3 Nc6 3. d4 cxd4 4. Nxd4 g6 5. c4 Bg7 6. Be3 Nf6 7. Nc3 d6 8. Be2
O-O 9. O-O Bd7 10. Nc2 Rc8 11. f3 a6 12. Qd2 Be6 13. Rac1 Nd7 14. b3 f5 15. exf5
gxf5 16. Nd5 Bf7 17. Rfe1 e5 18. Bg5 Qe8 19. Ncb4 Bxd5 20. Qxd5+ Qf7 21. Qxd6
Nxb4 22. Qxb4 Nc5 23. Be3 Qc7 24. Red1 Bf6 25. Rd5 Ne6 26. Rcd1 Nd4 27. Bd3 Qg7
28. Bxd4 exd4 29. Bxf5 Rc7 30. Re1 Kh8 31. Qd2 Bg5 32. f4 Be7 33. g3 b6 34. Bd3
a5 35. Re6 Bb4 36. Qf2 Rcf7 37. Kh1 Bc5 38. Qe2 Rf6 39. Rxf6 Qxf6 40. Bxh7 1-0

[Event "57th World Juniors 2018"]
[Site "Manavgat TUR"]
[Date "2018.09.05"]
[Round "1.11"]
[White "Ozen, Bahadir"]
[Black "Tabatabaei, M.amin"]
[Result "0-1"]
[WhiteTitle "FM"]
[BlackTitle "GM"]
[WhiteElo "2326"]
[BlackElo "2576"]
[WhiteFideId "6337058"]
[BlackFideId "12521213"]
[EventDate "2018.09.05"]

1. d4 Nf6 2. Nf3 c5 3. d5 b5 4. c4 b4 5. Bg5 g6 6. Nbd2 Bg7 7. e4 d6 8. h3 O-O
9. Bd3 a5 10. O-O h6 11. Be3 e5 12. g4 h5 13. Nh2 Nh7 14. Qf3 hxg4 15. hxg4 Qh4
16. Kg2 Bh6 17. Rae1 Kg7 18. Qg3 Qxg3+ 19. Kxg3 Bxe3 20. Rxe3 Rh8 21. Ndf3 Nf6
22. Ree1 Nbd7 23. a4 b3 24. Ra1 Rb8 25. Ra3 Rb4 26. Nd2 Nb6 27. Rxb3 Nxa4 28.
Rxb4 cxb4 29. Bc2 Nc5 30. b3 Bd7 31. Ra1 Ra8 32. f3 a4 33. bxa4 Bxa4 34. Nhf1
Nfd7 35. Ne3 Nb6 36. Bxa4 Rxa4 37. Rb1 Nbd7 38. g5 Ra2 39. Nb3 Nxb3 40. Rxb3 Ra3 0-1

[Event "57th World Juniors 2018"]
[Site "Manavgat TUR"]
[Date "2018.09.05"]
[Round "1.12"]
[White "Liang, Awonder"]
[Black "Shailesh, Dravid"]
[Result "1-0"]
[WhiteTitle "GM"]
[BlackTitle "FM"]
[WhiteElo "2575"]
[BlackElo "2325"]
[WhiteFideId "2056437"]
[BlackFideId "25017969"]
[EventDate "2018.09.05"]

1. Nf3 Nf6 2. g3 g6 3. b3 Bg7 4. Bb2 O-O 5. Bg2 d6 6. d4 a5 7. a4 Nc6 8. O-O e5
9. dxe5 Ng4 10. Nc3 Ngxe5 11. Nxe5 Nxe5 12. Qd2 h5 13. Rad1 h4 14. Ba1 hxg3 15.
hxg3 Ng4 16. Nb5 Bxa1 17. Rxa1 Re8 18. Bf3 Ne5 19. Kg2 Nxf3 20. exf3 Bd7 21. Rh1
Bc6 22. Qf4 Re5 23. Nd4 Qg5 24. Nxc6 bxc6 25. Qd4 Qf6 26. Rae1 Rf5 27. Qxf6 Rxf6
28. Re7 Rc8 29. Rhe1 Rf5 30. Rd7 Rc5 31. Ree7 Rf8 32. c4 d5 33. Re5 Rb8 34. Rxc7
Rxb3 35. Re8+ Kg7 36. Ree7 Rxc4 37. Rxf7+ Kg8 38. Rg7+ Kf8 39. Rxg6 Rxa4 40.
Rgxc6 d4 41. Rd6 Rb8 42. Rcd7 Rbb4 43. Ra7 Rb8 44. f4 Re8 45. Rd5 1-0

[Event "57th World Juniors 2018"]
[Site "Manavgat TUR"]
[Date "2018.09.05"]
[Round "1.13"]
[White "Sevgi, Volkan"]
[Black "Narayanan, S.L."]
[Result "0-1"]
[WhiteTitle "FM"]
[BlackTitle "GM"]
[WhiteElo "2323"]
[BlackElo "2573"]
[WhiteFideId "6325335"]
[BlackFideId "5058422"]
[EventDate "2018.09.05"]

1. Nf3 d5 2. g3 Nf6 3. Bg2 e6 4. b3 c5 5. Bb2 Nc6 6. e3 Bd6 7. O-O e5 8. d4 cxd4
9. exd4 e4 10. Ne5 O-O 11. c4 Qe7 12. Nc3 Rd8 13. Nxc6 bxc6 14. cxd5 cxd5 15. f3
Bb7 16. fxe4 dxe4 17. Qe2 Rac8 18. Nd1 Rc6 19. Rxf6 gxf6 20. Ne3 Kh8 21. Qh5 Rg8
22. Nf5 Qc7 23. Nh6 Rc2 24. Rf1 Rg6 25. d5 Rxb2 26. Bxe4 Bxd5 27. Bxd5 Qc5+ 28.
Kh1 0-1

[Event "57th World Juniors 2018"]
[Site "Manavgat TUR"]
[Date "2018.09.05"]
[Round "1.14"]
[White "Martinez Alcantara, Jose Eduardo"]
[Black "Agibileg, Uurtsaikh"]
[Result "1/2-1/2"]
[WhiteTitle "GM"]
[WhiteElo "2565"]
[BlackElo "2321"]
[WhiteFideId "3805662"]
[BlackFideId "4901606"]
[EventDate "2018.09.05"]

1. c4 Nf6 2. Nf3 g6 3. d4 Bg7 4. g3 d6 5. Bg2 O-O 6. O-O Nbd7 7. Nc3 e5 8. e4
exd4 9. Nxd4 Re8 10. Re1 Nc5 11. Rb1 Ng4 12. f4 f5 13. h3 Nh6 14. Nf3 Nf7 15.
Nh4 fxe4 16. Nxe4 Nxe4 17. Bxe4 Bxh3 18. Bxb7 Rb8 19. Bf3 c6 20. Kh2 Bd7 21.
Rxe8+ Qxe8 22. b3 Qe6 23. Qf1 Bf6 24. Bd2 Bd4 25. Re1 Qf6 26. Qd3 Nh6 27. Be3
Bxe3 28. Rxe3 a5 29. Re2 Re8 30. Rxe8+ Bxe8 31. Qd2 Qd8 32. Ng2 Nf5 33. Be4 Ne7
34. Ne3 Bf7 35. Qd4 Be6 36. g4 d5 37. Bf3 Qd6 38. c5 Qd7 39. Kg2 Kf7 40. Kg3 Ng8
41. Qh8 Kf8 42. Qe5 Qe7 43. Qb8+ Kf7 44. Qb6 Bd7 45. Ng2 Nf6 46. Qxa5 h5 47.
gxh5 Nxh5+ 48. Bxh5 gxh5 49. Qc3 Qe6 50. Kf2 Qe4 51. a4 d4 52. Qd2 Be6 53. a5
Bd5 54. Ne1 h4 55. a6 h3 56. Kg3 h2 57. Kxh2 Qh1+ 58. Kg3 Qg1+ 59. Ng2 Qa1 60.
Ne1 Qxa6 61. Qxd4 Qe2 62. Qc3 Kg6 63. b4 Kf5 64. Qd3+ Qe4 65. Qd2 Qh1 66. Qc2+
Be4 67. Qf2 Qh5 68. Ng2 Qg4+ 69. Kh2 Bxg2 70. Qxg2 Qxf4+ 71. Kg1 Qxb4 72. Qf3+
Ke5 73. Qxc6 Qe1+ 74. Kg2 Qe2+ 75. Kh3 Qe3+ 76. Kh4 Qf4+ 77. Kh3 Qe3+ 78. Kh4
Qf4+ 79. Kh5 Qf6 1/2-1/2

[Event "57th World Juniors 2018"]
[Site "Manavgat TUR"]
[Date "2018.09.05"]
[Round "1.15"]
[White "Dobrovoljc, Vid"]
[Black "Pichot, Alan"]
[Result "0-1"]
[WhiteTitle "FM"]
[BlackTitle "GM"]
[WhiteElo "2316"]
[BlackElo "2562"]
[WhiteFideId "14609843"]
[BlackFideId "110973"]
[EventDate "2018.09.05"]

1. d4 Nf6 2. c4 e6 3. Nf3 Bb4+ 4. Bd2 a5 5. g3 b6 6. Bg2 Bb7 7. O-O O-O 8. Bf4
Be7 9. Re1 d5 10. cxd5 Nxd5 11. Nc3 Nxf4 12. gxf4 Nd7 13. Ne5 Bxg2 14. Kxg2 Nxe5
15. dxe5 f6 16. Qb3 fxe5 17. Qxe6+ Kh8 18. f5 Bh4 19. Ne4 Qd4 20. Qc6 Qxb2 21.
a4 Rac8 22. Rab1 Qa2 23. Kh3 Be7 24. Ng3 h5 25. Qd7 Qf7 26. e4 Rfd8 27. Qb5 Qf6
28. Qe2 Qh4+ 29. Kg2 Qg4 30. f3 Qf4 31. Red1 h4 32. Nf1 Bc5 33. Rxd8+ Rxd8 34.
Rd1 Qg5+ 35. Kh3 Rxd1 36. Qxd1 Bd4 37. Qc2 Qg1 38. Qd3 Qf2 39. Kg4 Kh7 40. Kh5
c6 41. Kg5 Qg2+ 42. Kxh4 Bf2+ 43. Ng3 Qxh2+ 0-1

[Event "57th World Juniors 2018"]
[Site "Manavgat TUR"]
[Date "2018.09.05"]
[Round "1.16"]
[White "Vavulin, Maksim"]
[Black "Nastase, Robert-Paul"]
[Result "1-0"]
[WhiteTitle "IM"]
[BlackTitle "FM"]
[WhiteElo "2559"]
[BlackElo "2313"]
[WhiteFideId "4169530"]
[BlackFideId "1221175"]
[EventDate "2018.09.05"]

1. e4 e6 2. d4 d5 3. Bd3 dxe4 4. Bxe4 Nf6 5. Bf3 Nbd7 6. Nc3 Bd6 7. Nb5 e5 8.
Nxd6+ cxd6 9. dxe5 dxe5 10. Qd6 a5 11. Be2 a4 12. Nf3 Ne4 13. Qb4 Qa5 14. a3
Nec5 15. Be3 Qc7 16. Nh4 O-O 17. Nf5 Ne6 18. Ne7+ Kh8 19. O-O-O b6 20. Bd3 Ndc5
21. Nd5 Nxd3+ 22. Rxd3 Qc6 23. Rhd1 b5 24. Rc3 Qe8 25. Nb6 Rb8 26. Nxc8 Rxc8 27.
Rxc8 Qxc8 28. Qxb5 Qa8 29. Qd5 Qb8 30. Qc6 Nd4 31. Qxa4 Ne2+ 32. Kd2 1-0

[Event "57th World Juniors 2018"]
[Site "Manavgat TUR"]
[Date "2018.09.05"]
[Round "1.17"]
[White "Zlatin, Alexander"]
[Black "Bai, Jinshi"]
[Result "0-1"]
[BlackTitle "GM"]
[WhiteElo "2312"]
[BlackElo "2556"]
[WhiteFideId "2810549"]
[BlackFideId "8602280"]
[EventDate "2018.09.05"]

1. e4 c5 2. c3 d5 3. exd5 Qxd5 4. d4 Nf6 5. Nf3 e6 6. Be3 Be7 7. Be2 O-O 8. h3
cxd4 9. Bxd4 Nc6 10. Bxf6 Qxd1+ 11. Bxd1 gxf6 12. O-O f5 13. Re1 b5 14. Ne5 Nxe5
15. Rxe5 Rd8 16. Na3 a6 17. Bf3 Ra7 18. Nc2 Bf6 19. Ree1 Rd2 20. Re2 Rad7 21.
Rae1 R2d6 22. Ne3 Rd8 23. Rc2 f4 24. Ng4 Bg7 25. Ne5 Rd2 26. Rxd2 Rxd2 27. Nc6
Bf6 28. Re2 Rd6 29. Rc2 Kg7 30. Na5 e5 31. Nb3 Be7 32. Rd2 Rg6 33. Kf1 f5 34.
Bh5 Rc6 35. Be2 Be6 36. Bf3 Rc7 37. Bd5 Kf6 38. Bxe6 Kxe6 39. f3 b4 40. Rc2 bxc3
41. Rxc3 Rxc3 42. bxc3 Kd5 43. Ke2 Kc4 44. Kd2 Bh4 45. Na5+ Kb5 46. Nb3 Kc4 47.
Na5+ Kb5 48. Nb3 Bf2 49. Na1 e4 50. Nc2 Bc5 51. Na1 a5 52. Nb3 a4 53. Na1 Be3+
54. Ke2 Kc4 55. fxe4 fxe4 56. Nc2 Bc5 57. Kd2 f3 0-1

[Event "57th World Juniors 2018"]
[Site "Manavgat TUR"]
[Date "2018.09.05"]
[Round "1.18"]
[White "Hakobyan, Aram"]
[Black "Suleymenov, Alisher"]
[Result "1-0"]
[WhiteTitle "GM"]
[BlackTitle "FM"]
[WhiteElo "2554"]
[BlackElo "2307"]
[WhiteFideId "13306677"]
[BlackFideId "13707833"]
[EventDate "2018.09.05"]

1. d4 Nf6 2. Nf3 g6 3. g3 Bg7 4. Bg2 O-O 5. O-O d6 6. b3 e5 7. dxe5 Ng4 8. Bb2
Nc6 9. Qc1 Ngxe5 10. Nxe5 Nxe5 11. c4 Bg4 12. Nc3 Qc8 13. Nd5 Re8 14. f4 c6 15.
Nc3 Nd7 16. Qd2 Nc5 17. b4 Na6 18. Ne4 d5 19. Bxg7 dxe4 20. Bb2 Qe6 21. f5 gxf5
22. h3 Bh5 23. g4 Bg6 24. gxf5 Bxf5 25. Qg5+ 1-0

[Event "57th World Juniors 2018"]
[Site "Manavgat TUR"]
[Date "2018.09.05"]
[Round "1.19"]
[White "Jogstad, Martin"]
[Black "Lomasov, Semyon"]
[Result "0-1"]
[WhiteTitle "FM"]
[BlackTitle "IM"]
[WhiteElo "2305"]
[BlackElo "2545"]
[WhiteFideId "1715364"]
[BlackFideId "24164879"]
[EventDate "2018.09.05"]

1. d4 Nf6 2. c4 e6 3. g3 c5 4. Nf3 cxd4 5. Nxd4 Qb6 6. Bg2 Bc5 7. e3 Nc6 8. O-O
Nxd4 9. exd4 Bxd4 10. Nc3 e5 11. Nb5 Bc5 12. Qe2 O-O 13. Rb1 a6 14. Nc3 Bd4 15.
Qc2 h6 16. Ne2 Bc5 17. b4 Be7 18. Nc3 d6 19. Be3 Qc7 20. Rfc1 Be6 21. Na4 Nd7
22. Qd2 f5 23. Bd5 Bxd5 24. Qxd5+ Kh8 25. c5 Nf6 26. Qe6 d5 27. c6 d4 28. cxb7
Qxb7 29. Bd2 Ne4 30. Bxh6 Rf6 31. Qxe5 Rxh6 32. Rc7 Bf6 33. Qa5 Qb5 34. Nb6 Qd3
35. Nxa8 Qxb1+ 36. Kg2 Nd2 37. Qxa6 Qe4+ 38. f3 Qxf3+ 39. Kg1 d3 40. Qc8+ Kh7 0-1

[Event "57th World Juniors 2018"]
[Site "Manavgat TUR"]
[Date "2018.09.05"]
[Round "1.20"]
[White "Kollars, Dmitrij"]
[Black "Ozenir, Ekin Baris"]
[Result "1-0"]
[WhiteTitle "GM"]
[BlackTitle "FM"]
[WhiteElo "2536"]
[BlackElo "2303"]
[WhiteFideId "12909572"]
[BlackFideId "6357415"]
[EventDate "2018.09.05"]

1. e4 Nc6 2. Nf3 d6 3. d4 Nf6 4. Nc3 g6 5. d5 Nb8 6. Be2 Bg7 7. O-O O-O 8. Re1
Nbd7 9. Be3 c6 10. a4 Qc7 11. a5 Re8 12. h3 e5 13. Bc4 c5 14. a6 Nb6 15. Bb5 Rf8
16. Nd2 Nfd7 17. axb7 Bxb7 18. Ba6 Bxa6 19. Rxa6 Qb7 20. Qe2 f5 21. f3 Nf6 22.
Rea1 Nh5 23. Nb5 Nc8 24. R1a5 Bf6 25. Nc4 Ng3 26. Qe1 f4 27. Bf2 Bd8 28. Nbxd6
Nxd6 29. Rxd6 Bxa5 30. Qxa5 Ne2+ 31. Kh2 Nd4 32. c3 Nb3 33. Qa4 Rab8 34. Rd7 Qb5
35. Qxa7 Qxd7 36. Qxd7 Rfe8 37. Nd6 Rf8 38. Qe6+ 1-0

[Event "57th World Juniors 2018"]
[Site "Manavgat TUR"]
[Date "2018.09.05"]
[Round "1.21"]
[White "Tifferet, Shaked"]
[Black "Lobanov, Sergei"]
[Result "0-1"]
[WhiteTitle "FM"]
[BlackTitle "IM"]
[WhiteElo "2299"]
[BlackElo "2535"]
[WhiteFideId "2811529"]
[BlackFideId "24183750"]
[EventDate "2018.09.05"]

1. e4 c5 2. Nf3 d6 3. d4 cxd4 4. Nxd4 Nf6 5. Nc3 a6 6. g3 e5 7. Nde2 Be7 8. Bg2
O-O 9. O-O Nbd7 10. a4 Nc5 11. h3 b6 12. g4 Bb7 13. Ng3 Rc8 14. Be3 Ne8 15. Qd2
g6 16. Bh6 Ng7 17. Kh2 Nce6 18. Rad1 Kh8 19. Rfe1 Rc6 20. Nd5 Bg5 21. Bxg5 Qxg5
22. Qxg5 Nxg5 23. c3 Rd8 24. Re3 Ne8 25. Bf1 Ne6 26. b4 Nf4 27. Rf3 Nxd5 28.
exd5 Rc7 29. c4 Kg7 30. Ra3 a5 31. bxa5 bxa5 32. Rb1 Ba6 33. Rc3 Rdc8 34. Rbc1
Bb7 35. Bg2 Nf6 36. Ne2 Ba6 37. g5 Nd7 38. Ng3 Nc5 39. Ra1 Rb8 40. Ra2 Rb4 41.
Bf1 Rcb7 42. Kg2 h6 43. h4 hxg5 44. hxg5 Kf8 45. Be2 Rxa4 46. Rxa4 Nxa4 47. Ra3
Rb4 48. Ne4 Ke7 49. Bd1 Nc5 50. Nxc5 dxc5 51. Rxa5 Bxc4 52. Bf3 Kd6 53. Ra7 Bd3
54. Rxf7 e4 55. Rf6+ Kxd5 56. Bg4 c4 57. Be6+ Kd4 58. Bxc4 Bxc4 59. Rxg6 Bd5 60.
Kf1 Rb1+ 61. Ke2 Bc4+ 62. Kd2 Rb2+ 63. Ke1 Kc3 64. Rd6 Re2+ 0-1

[Event "57th World Juniors 2018"]
[Site "Manavgat TUR"]
[Date "2018.09.05"]
[Round "1.22"]
[White "Christiansen, Johan-Sebastian"]
[Black "Milosevic, Milos"]
[Result "1-0"]
[WhiteTitle "IM"]
[BlackTitle "FM"]
[WhiteElo "2525"]
[BlackElo "2292"]
[WhiteFideId "1512668"]
[BlackFideId "964875"]
[EventDate "2018.09.05"]

1. Nf3 f5 2. d4 Nf6 3. g3 g6 4. Bg2 Bg7 5. O-O O-O 6. c4 d6 7. Nc3 Qe8 8. Re1
Qf7 9. e4 fxe4 10. Nxe4 Nxe4 11. Rxe4 Nc6 12. Qe2 e5 13. Ng5 Qf5 14. dxe5 dxe5
15. Rh4 h6 16. Bd5+ Kh8 17. Nf3 Qf6 18. Bg5 Nd4 19. Rxh6+ Bxh6 20. Bxf6+ Rxf6
21. Nxd4 exd4 22. Qe8+ Bf8 23. Qd8 Kg7 24. Re1 1-0

[Event "57th World Juniors 2018"]
[Site "Manavgat TUR"]
[Date "2018.09.05"]
[Round "1.23"]
[White "Taalaibekov, Tagir"]
[Black "Puranik, Abhimanyu"]
[Result "0-1"]
[BlackTitle "GM"]
[WhiteElo "2291"]
[BlackElo "2524"]
[WhiteFideId "13801163"]
[BlackFideId "5061245"]
[EventDate "2018.09.05"]

1. d4 Nf6 2. Nf3 g6 3. Bf4 Bg7 4. e3 O-O 5. h4 d6 6. Nbd2 Bg4 7. c3 c5 8. Qb3
Qc8 9. dxc5 dxc5 10. Ne5 Be6 11. Bc4 Bxc4 12. Ndxc4 Nc6 13. O-O-O Qe6 14. f3
Rac8 15. Nxc6 Qxc6 16. Ne5 Qa6 17. Kb1 c4 18. Qc2 Qe6 19. g4 Nd5 20. Qe4 Rc5 21.
Bh2 Nxc3+ 22. bxc3 Bxe5 23. Kc2 Qa6 24. Bxe5 Qxa2+ 25. Kc1 Rb5 26. Rd5 Qa1+ 0-1